[Event "Warsaw Najdorf Memorial op-A"]
[Site "Warsaw"]
[Date "2012.08.09"]
[Round "5"]
[White "Alvarado, Cesar"]
[Black "Zmarzly, Aleksandra"]
[Result "1-0"]
[WhiteElo "2197"]
[BlackElo "2045"]
[PlyCount "85"]
[EventDate "2012.08.06"]
[EventType "swiss"]
[EventRounds "9"]
[EventCountry "POL"]
[SourceTitle "CBM 149 Extra"]
[Source "ChessBase"]
[SourceDate "2012.08.24"]
[SourceVersion "1"]
[SourceVersionDate "2012.08.24"]
[SourceQuality "1"]

1. d4 Nf6 2. c4 e6 3. Nc3 c5 4. d5 exd5 5. cxd5 d6 6. g3 g6 7. Bg2 Bg7 8. Nf3 0-0 9. 0-0 Re8 10. Bf4 a6 11. a4 Qc7 12. Rc1 Nh5 13. Be3 Nd7 14. g4 Nhf6 15. h3 Rb8 16. b4 Rxe3 17. fxe3 cxb4 18. Ne4 Qb6 19. Nxf6+ Bxf6 20. Qd2 Nc5 21. Nd4 Bg5 22. Rc4 a5 23. Nf3 Nb3 24. Qc2 Bxe3+ 25. Kh1 Nc5 26. Qb2 Bh6 27. Qf6 Qc7 28. Qh4 Be3 29. Ng5 Bxg5 30. Qxg5 b5 31. Rcf4 b3 32. Rxf7 Qxf7 33. Qd8+ Kg7 34. Rxf7+ Kxf7 35. g5 bxa4 36. Qxd6 Nd7 37. Qe6+ Kg7 38. Qe7+ Kh8 39. Be4 b2 40. Bb1 Kg8 41. Qe8+ Kg7 42. Kh2 Nf8 43. Qe5+ 1-0

[Event "Warsaw Najdorf Memorial op-A"]
[Site "Warsaw"]
[Date "2008.08.08"]
[Round "7"]
[White "Zapolski, Krzysztof"]
[Black "Alvarado, Cesar"]
[Result "1/2-1/2"]
[WhiteElo "2257"]
[BlackElo "2184"]
[PlyCount "74"]
[EventDate "2008.08.02"]
[EventType "swiss"]
[EventRounds "9"]
[EventCountry "POL"]
[SourceTitle "CBM 125 Extra"]
[Source "ChessBase"]
[SourceDate "2008.09.01"]
[SourceVersion "1"]
[SourceVersionDate "2008.09.01"]
[SourceQuality "1"]

1. d4 d5 2. Nf3 Nf6 3. g3 e6 4. Bg2 c5 5. 0-0 Nc6 6. dxc5 Bxc5 7. c4 0-0 8. cxd5 exd5 9. Qc2 Bb6 10. Nc3 h6 11. Rd1 Qe7 12. Na4 Nb4 13. Qb3 Bd7 14. Nxb6 axb6 15. Bd2 Na6 16. Qxb6 Qxe2 17. Bxh6 Bg4 18. Be3 Bxf3 19. Rd2 Qc4 20. Bxf3 Rfc8 21. b3 Qc3 22. Qd4 Nb4 23. a4 Ne4 24. Bxe4 dxe4 25. Rad1 Nc2 26. Qxe4 Qxb3 27. Rd7 Nxe3 28. fxe3 Re8 29. Qxb7 Qxe3+ 30. Kh1 Rab8 31. Qd5 Qf2 32. Qd4 Re1+ 33. Rxe1 Qxe1+ 34. Kg2 Qe2+ 35. Kh3 Qh5+ 36. Qh4 Qf5+ 37. Qg4 Qh7+ 1/2-1/2

[Event "Warsaw Najdorf Memorial op-A"]
[Site "Warsaw"]
[Date "2008.08.05"]
[Round "4"]
[White "Zawadzka, Beata"]
[Black "Alvarado, Cesar"]
[Result "1-0"]
[WhiteElo "2313"]
[BlackElo "2184"]
[PlyCount "41"]
[EventDate "2008.08.02"]
[EventType "swiss"]
[EventRounds "9"]
[EventCountry "POL"]
[SourceTitle "CBM 125 Extra"]
[Source "ChessBase"]
[SourceDate "2008.09.01"]
[SourceVersion "1"]
[SourceVersionDate "2008.09.01"]
[SourceQuality "1"]

1. e4 c5 2. Nf3 e6 3. d4 cxd4 4. Nxd4 a6 5. Bd3 Ne7 6. 0-0 Nbc6 7. Be3 Nxd4 8. Bxd4 Nc6 9. Bc3 e5 10. Bc4 Be7 11. f4 0-0 12. fxe5 Bc5+ 13. Kh1 Qe7 14. Qh5 g6 15. Qh6 Bd4 16. Bxd4 Nxd4 17. Nc3 Qxe5 18. Nd5 Qg7 19. Ne7+ Kh8 20. Nxg6+ Kg8 21. Qxg7+ 1-0

[Event "Warsaw Najdorf Memorial op-A"]
[Site "Warsaw"]
[Date "2008.08.02"]
[Round "1"]
[White "Alvarado, Cesar"]
[Black "Gritsak, Orest"]
[Result "1/2-1/2"]
[WhiteElo "2184"]
[BlackElo "2522"]
[PlyCount "127"]
[EventDate "2008.08.02"]
[EventType "swiss"]
[EventRounds "9"]
[EventCountry "POL"]
[SourceTitle "CBM 125 Extra"]
[Source "ChessBase"]
[SourceDate "2008.09.01"]
[SourceVersion "1"]
[SourceVersionDate "2008.09.01"]
[SourceQuality "1"]

1. d4 Nf6 2. c4 e6 3. Nf3 d5 4. Nc3 c6 5. e3 Nbd7 6. Bd3 dxc4 7. Bxc4 b5 8. Bd3 Bd6 9. 0-0 0-0 10. Ng5 Qc7 11. f4 h6 12. Nge4 Nxe4 13. Nxe4 Be7 14. Bd2 f5 15. Nf2 Qd6 16. Rc1 Bb7 17. a3 a5 18. b4 Nf6 19. Be2 Nd5 20. Nd3 axb4 21. Bxb4 Nxb4 22. axb4 Ra3 23. Bf3 Bf6 24. Nc5 Bc8 25. Re1 Rf7 26. Kh1 Rfa7 27. Qe2 Ra2 28. Rc2 Ra1 29. g3 g5 30. h3 Kh7 31. Nd3 Bd7 32. Kg2 gxf4 33. gxf4 Be8 34. Rxa1 Rxa1 35. Ra2 Rxa2 36. Qxa2 Qe7 37. Kf1 Qg7 38. Ne5 Bxe5 39. dxe5 Qe7 40. Qa8 Qd7 41. Ke2 Kg7 42. Qb8 Qe7 43. Qc8 h5 44. Bxc6 Bxc6 45. Qxc6 Qxb4 46. Qd7+ Kf8 47. Qd8+ Kg7 48. Qf6+ Kh7 49. Qf7+ Kh8 50. Qxh5+ Kg7 51. Qg5+ Kh7 52. Qh4+ Kg7 53. Qf6+ Kh7 54. Qxe6 Qb2+ 55. Kf3 Qb1 56. Qf7+ Kh6 57. Qf6+ Kh7 58. Qh4+ Kg7 59. Qf2 b4 60. Qd2 b3 61. Qd7+ Kh6 62. Qe6+ Kg7 63. Qe7+ Kh6 64. Qf6+ 1/2-1/2

[Event "Warsaw AIG Life rapid 7th"]
[Site "Warsaw"]
[Date "2007.12.16"]
[Round "12"]
[White "Alvarado, Cesar"]
[Black "Szymanski, Marcin"]
[Result "1/2-1/2"]
[WhiteElo "2194"]
[BlackElo "2415"]
[PlyCount "146"]
[EventDate "2007.12.15"]
[EventType "swiss (rapid)"]
[EventRounds "13"]
[EventCountry "POL"]
[SourceTitle "CBM 121 Extra"]
[Source "ChessBase"]
[SourceDate "2008.01.10"]
[SourceVersion "1"]
[SourceVersionDate "2008.01.10"]
[SourceQuality "1"]

1. d4 Nf6 2. Nf3 e6 3. c4 Bb4+ 4. Bd2 c5 5. Bxb4 cxb4 6. Nbd2 0-0 7. e3 d6 8. Bd3 Nc6 9. 0-0 e5 10. Qc2 Bg4 11. d5 Bxf3 12. Nxf3 Nb8 13. a3 Na6 14. Nd2 Qb6 15. Bf5 g6 16. Bh3 Ne8 17. Bd7 Nec7 18. e4 Rad8 19. Bh3 Nc5 20. Kh1 a5 21. Rae1 Ne8 22. Re3 Ng7 23. Rf3 f6 24. Re1 Rf7 25. Nf1 Rdf8 26. Ng3 Kh8 27. Qd2 bxa3 28. Rxa3 f5 29. f3 a4 30. Qc3 Qd8 31. exf5 gxf5 32. f4 e4 33. Ne2 Nd3 34. Rf1 Qb6 35. Nd4 Qxb2 36. Qxb2 Nxb2 37. Rc1 Nd3 38. Rf1 Nc5 39. g3 Ne8 40. Rb1 Ng7 41. Kg1 Ra8 42. Kf2 h6 43. Ke3 Kh7 44. Nb5 Ra6 45. Bf1 Kg6 46. Be2 Ne8 47. Bd1 Nc7 48. Nd4 b5 49. Nxb5 Nxb5 50. Rxb5 Kf6 51. Bc2 Rc7 52. Kd4 Re7 53. Ke3 h5 54. Rb8 Kg7 55. Bd1 Kg6 56. Rg8+ Kh6 57. Rg5 Rb7 58. Rxf5 Rb1 59. Rxh5+ Kg6 60. Rg5+ Kf6 61. Bc2 Rc1 62. Kd2 Rg1 63. Rh5 Rg2+ 64. Kc3 e3 65. Rh6+ Kg7 66. Rh7+ Kf6 67. Rh6+ Kg7 68. Rh7+ Kf6 69. Rh6+ Kg7 70. Rh7+ Kf6 71. Rh6+ Kg7 72. Re6 Nxe6 73. dxe6 e2 1/2-1/2

[Event "Warsaw AIG Life rapid 7th"]
[Site "Warsaw"]
[Date "2007.12.15"]
[Round "5"]
[White "Grabliauskas, Virginijus"]
[Black "Alvarado, Cesar"]
[Result "1-0"]
[WhiteElo "2433"]
[BlackElo "2194"]
[PlyCount "103"]
[EventDate "2007.12.15"]
[EventType "swiss (rapid)"]
[EventRounds "13"]
[EventCountry "POL"]
[SourceTitle "CBM 121 Extra"]
[Source "ChessBase"]
[SourceDate "2008.01.10"]
[SourceVersion "1"]
[SourceVersionDate "2008.01.10"]
[SourceQuality "1"]

1. d4 d5 2. c4 e6 3. Nc3 Nf6 4. Bf4 Bb4 5. a3 Bxc3+ 6. bxc3 0-0 7. e3 c5 8. Nf3 Nc6 9. Nd2 Re8 10. Be2 e5 11. dxe5 Nxe5 12. 0-0 Bf5 13. Qb3 b6 14. Rfd1 Ng6 15. Bg3 Be6 16. Bf3 Rc8 17. Qa2 dxc4 18. Ne4 Nd5 19. Rac1 Qe7 20. Nd6 Nf6 21. h3 Rcd8 22. Nxe8 Rxe8 23. Bd6 Qd8 24. Bxc5 Qc8 25. Bd4 Nd7 26. Bg4 f5 27. Bh5 Bf7 28. Rd2 Nb8 29. Rcd1 Nc6 30. Bxg6 hxg6 31. Qb2 Na5 32. Be5 Nb3 33. Rd7 Nc5 34. Rc7 Qa6 35. Bd6 Nd3 36. Qa2 Be6 37. a4 b5 38. Qa3 bxa4 39. Rb1 Bd5 40. Bc5 Qa5 41. Re7 Rxe7 42. Bxe7 Bxg2 43. Kxg2 Qd5+ 44. f3 Ne5 45. Rf1 Qd2+ 46. Rf2 Qxe3 47. Qc5 Qxc3 48. Qd5+ Kh7 49. Bb4 Qa1 50. Re2 Nd3 51. Qxc4 Qd1 52. Qh4+ 1-0

[Event "Warsaw AIG Life rapid 7th"]
[Site "Warsaw"]
[Date "2007.12.15"]
[Round "7"]
[White "Socko, Bartosz"]
[Black "Alvarado, Cesar"]
[Result "1-0"]
[WhiteElo "2646"]
[BlackElo "2194"]
[PlyCount "61"]
[EventDate "2007.12.15"]
[EventType "swiss (rapid)"]
[EventRounds "13"]
[EventCountry "POL"]
[SourceTitle "CBM 121 Extra"]
[Source "ChessBase"]
[SourceDate "2008.01.10"]
[SourceVersion "1"]
[SourceVersionDate "2008.01.10"]
[SourceQuality "1"]

1. d4 d5 2. c4 e6 3. Nf3 Nf6 4. Nc3 Bb4 5. Bg5 0-0 6. e3 c5 7. dxc5 Nbd7 8. Be2 h6 9. Bh4 g5 10. Bg3 Ne4 11. Rc1 Ndxc5 12. h4 Nxg3 13. fxg3 Bxc3+ 14. bxc3 Qc7 15. 0-0 g4 16. Nh2 h5 17. Bxg4 Qxg3 18. Rf3 Qe5 19. Bxh5 Ne4 20. Rf4 f5 21. cxd5 Nf6 22. Nf1 Nxd5 23. Qd4 Qxd4 24. Rxd4 Nc7 25. e4 Nb5 26. Rb4 Nd6 27. e5 a5 28. Rd4 Nb5 29. Rd3 Ra6 30. Be2 Kf7 31. Rd2 1-0

[Event "Najdorf Memorial op-A"]
[Site "Grodzisk Mazowiecki"]
[Date "2007.07.26"]
[Round "7"]
[White "Roszkowski, Rafal"]
[Black "Alvarado, Cesar"]
[Result "1/2-1/2"]
[WhiteElo "2114"]
[BlackElo "2191"]
[PlyCount "29"]
[EventDate "2007.07.20"]
[EventType "swiss"]
[EventRounds "9"]
[EventCountry "POL"]
[SourceTitle "CBM 119 Extra"]
[Source "ChessBase"]
[SourceDate "2007.09.04"]
[SourceVersion "1"]
[SourceVersionDate "2007.09.04"]
[SourceQuality "1"]

1. e4 c5 2. Nc3 Nc6 3. f4 g6 4. Nf3 Bg7 5. Bb5 Nd4 6. Nxd4 cxd4 7. Ne2 a6 8. Bd3 d6 9. 0-0 Nf6 10. Kh1 0-0 11. Nxd4 Nxe4 12. Bxe4 Bxd4 13. c3 Bg7 14. Qf3 Rb8 15. d4 1/2-1/2

[Event "Najdorf Memorial op-A"]
[Site "Grodzisk Mazowiecki"]
[Date "2007.07.25"]
[Round "6"]
[White "Alvarado, Cesar"]
[Black "Zurkowski, Andrzej"]
[Result "0-1"]
[WhiteElo "2191"]
[BlackElo "2015"]
[PlyCount "106"]
[EventDate "2007.07.20"]
[EventType "swiss"]
[EventRounds "9"]
[EventCountry "POL"]
[SourceTitle "CBM 119 Extra"]
[Source "ChessBase"]
[SourceDate "2007.09.04"]
[SourceVersion "1"]
[SourceVersionDate "2007.09.04"]
[SourceQuality "1"]

1. d4 Nf6 2. Nf3 e6 3. c4 b6 4. g3 Bb7 5. Bg2 d5 6. 0-0 Nbd7 7. Nc3 Be7 8. Ne5 0-0 9. Qa4 c6 10. Bf4 Nxe5 11. Bxe5 Bd6 12. Rad1 Qe7 13. Bxf6 Qxf6 14. e4 dxe4 15. Nxe4 Qe7 16. c5 Bc7 17. Nc3 bxc5 18. Qa3 Rfd8 19. dxc5 a5 20. Ne4 Ba6 21. Rfe1 Bb5 22. Nd6 Rab8 23. b3 h6 24. Rd2 Rd7 25. Red1 Rbd8 26. Bf1 f5 27. Qc1 Bxf1 28. Kxf1 Kh7 29. Kg2 f4 30. Qc2+ Kg8 31. Ne4 Rd5 32. a3 Qf7 33. f3 fxg3 34. hxg3 Rf8 35. Rd3 Qg6 36. Qe2 Rfd8 37. g4 h5 38. Rxd5 cxd5 39. Nf2 h4 40. Qa6 Qf6 41. Re1 Re8 42. Qc6 Re7 43. Nd3 h3+ 44. Kf2 Qh4+ 45. Ke2 h2 46. Qa8+ Kh7 47. Rh1 Qg3 48. Qf8 Qg2+ 49. Nf2 Bg3 50. Qxe7 Qxf2+ 51. Kd3 Qxf3+ 52. Kc2 Qxh1 53. Qxe6 Qe4+ 0-1

[Event "Najdorf Memorial op-A"]
[Site "Grodzisk Mazowiecki"]
[Date "2007.07.24"]
[Round "5"]
[White "Leniart, Arkadiusz"]
[Black "Alvarado, Cesar"]
[Result "1-0"]
[WhiteElo "2357"]
[BlackElo "2191"]
[PlyCount "45"]
[EventDate "2007.07.20"]
[EventType "swiss"]
[EventRounds "9"]
[EventCountry "POL"]
[SourceTitle "CBM 119 Extra"]
[Source "ChessBase"]
[SourceDate "2007.09.04"]
[SourceVersion "1"]
[SourceVersionDate "2007.09.04"]
[SourceQuality "1"]

1. e4 c5 2. Nf3 e6 3. d4 cxd4 4. Nxd4 a6 5. Nc3 b5 6. Bd3 Qc7 7. 0-0 d6 8. a4 b4 9. Na2 e5 10. Nb3 Nc6 11. c3 a5 12. cxb4 axb4 13. Bd2 Nf6 14. Rc1 d5 15. Bb5 Bd7 16. Nxb4 Bxb4 17. Bxb4 Qb6 18. Bc5 Qb7 19. Ba3 Nxe4 20. Qxd5 Nf6 21. Bxc6 Bxc6 22. Qxe5+ Kd8 23. Qd6+ 1-0

[Event "Warsaw AIG Life rapid 6th"]
[Site "Warsaw"]
[Date "2006.12.16"]
[Round "2"]
[White "Markowski, Tomasz"]
[Black "Alvarado, Cesar"]
[Result "1-0"]
[WhiteElo "2561"]
[BlackElo "2200"]
[PlyCount "65"]
[EventDate "2006.12.16"]
[EventType "swiss (rapid)"]
[EventRounds "13"]
[EventCountry "POL"]
[SourceTitle "CBM 115 Extra"]
[Source "ChessBase"]
[SourceDate "2007.01.10"]
[SourceVersion "1"]
[SourceVersionDate "2007.01.10"]
[SourceQuality "1"]

1. g3 e5 2. c4 Nf6 3. Bg2 Nc6 4. Nc3 Bb4 5. Nd5 Nxd5 6. cxd5 Ne7 7. Nf3 Ng6 8. 0-0 0-0 9. d4 e4 10. Ng5 f5 11. d6 Bxd6 12. Qb3+ Kh8 13. Nf7+ Rxf7 14. Qxf7 Qf8 15. Qxf8+ Bxf8 16. Bd2 d5 17. Rfc1 Bd6 18. a3 a5 19. e3 Bd7 20. Bf1 Nf8 21. b4 a4 22. b5 Ne6 23. Bb4 b6 24. Bxd6 cxd6 25. Rab1 g6 26. Be2 Kg7 27. Rb4 Ra5 28. Bd1 Bxb5 29. Rc8 Bd7 30. Rb8 b5 31. Rb7 Nf8 32. Be2 Kf6 33. Bxb5 1-0